header

Hippocrates and medical education (Record no. 133745)

MARC details
000 -LEADER
fixed length control field 02004nam a2200421 a 4500
082 04 - DEWEY DECIMAL CLASSIFICATION NUMBER
Classification number 610.938
245 10 - TITLE STATEMENT
Title Hippocrates and medical education
260 ## - PUBLICATION, DISTRIBUTION, ETC. (IMPRINT)
Place of publication Leiden ;
-- Boston :
Name of publisher Brill,
Year of publication 2010.
300 ## - PHYSICAL DESCRIPTION
Number of Pages xxviii, 564 p. :
Other physical details ill.
490 1# - SERIES STATEMENT
Series statement Studies in ancient medicine,
505 0# - FORMATTED CONTENTS NOTE
Formatted contents note Doctors and laymen -- Teachers and pupils -- Teaching of surgery and obstetrics -- Galen and the Hippocratic tradition.
650 #0 - SUBJECT ADDED ENTRY--TOPICAL TERM
Topical Term Medical education
Topical Term Medical education
700 1# - ADDED ENTRY--PERSONAL NAME
Personal name Horstmanshoff, H. F. J.
Personal name Tilburg, C. R. van
856 40 - ELECTRONIC LOCATION AND ACCESS
Uniform Resource Identifier http://site.ebrary.com/lib/rucke/Doc?id=10439291

No items available.

© 2026 Rongo University
Contact us: librarian | system librarian | Rongo university